Music Quiz

Random Music or Album Quiz

Frank Zappa Album Alphabet Quiz Stats

 Plays Quiz not verified by Sporcle

Score 0/20 Timer 07:00
0 Plays Today
Letter (Possibilities) Album % Correct
A (3)Absolutely Free
96.9%
F (4)Freak Out!
88.8%
S (6)Studio Tan
88.8%
J (4)Just Another Band from L.A.
88.3%
W (3)We're Only in It for the Money
85.7%
B (6)Burnt Weeny Sandwich
84.7%
Y (8)You Are What You Is
83.2%
O (6)Over-Nite Sensation
82.7%
H (1)Hot Rats
78.1%
Z (2)Zoot Allures
78.1%
Letter (Possibilities) Album % Correct
C (2)Cruising with Ruben & the Jets
75%
G (2)The Grand Wazoo
74%
T (3)Tinsel Town Rebellion
72.4%
U (1)Uncle Meat
67.3%
L (3)Lumpy Gravy
66.3%
M (3)Mothermania
66.3%
# (1)200 Motels
63.3%
R (2)Roxy & Elsewhere
53.6%
D (1)Does Humor Belong in Music?
40.3%
P (1)Playground Psychotics
32.1%

You're not logged in!

Compare scores with friends on all Sporcle quizzes.
OR
Log In

Sporcle TV

Today on Sporcle TV


Watch our educational content, quiz creation guides, and fun videos on Sporcle TV.

Show Comments

Extras

Top Quizzes Today


Score Distribution

Your Account Isn't Verified!

In order to create a playlist on Sporcle, you need to verify the email address you used during registration. Go to your Sporcle Settings to finish the process.

Report this User

Report this user for behavior that violates our Community Guidelines.

Details: